Frank Ocean Songs by Lyrics - Statistics

General Stats
  • This quiz has been taken 947 times
  • The average score is 13 of 20
Answer Stats
Lyrics Answer % Correct
"I found my black queen Cleopatra, bad dreams, Cleopatra" Pyramids
90%
"I thought that I was dreaming, when you said you loved me." Ivy
89%
"That's the way everyday goes, every time we've no control" Pink + White
88%
"A tornado flew around my room before you came." Thinkin Bout You
85%
"If it brings me to my knees, it's a bad religion." Bad Religion
83%
"I'm sure we're taller in another dimension, you say we're small and not worth the mention." White Ferrari
82%
"Too many bottles of this wine we can't pronounce, too many bowls of that green no lucky charms." Super Rich Kids
80%
"My guy pretty like a girl." Chanel
74%
"I, I, I, know you gotta leave, leave, leave, take down some summertime." Self Control
63%
"I'm bikin' with me and my Daniel, hades got the angels." Biking
62%
"I will always love you, how I do, let go of a prayer on you." Godspeed
62%
What do you think my brain is made for, is it just a container for the mind? Pink Matter
61%
"Droppin' baby off at home before my night shift, you know I can't hear none of that spend the night shit" Nights
60%
"You've had a landscaper and a housekeeper since you were born." Sweet Life
56%
"Inhale inhale there's heaven, there's a bull and a matador dueling in the sky." Solo
55%
"I'd rather live outside." Seigfried
54%
"Hittin' stones in glass homes, you're smokin' stones in abandoned homes." Crack Rock
48%
"I may be younger but I'll look after you." Nikes
47%
"This is joy this is summer, keep alive, stay alive." Skyline To
42%
"It's all new to me, it's all new to me, having you around." Higgs
13%
No matching quizzes found
Score Distribution
Percent of People with Each Score
Percentile by Number Answered
Your Score History
You have not taken this quiz